000 00301nam a2200109Ia 4500
008 200302s9999 xx 000 0 und d
100 _aDr. Ranjana Mital and Others
245 _aThe tirtha at mukteswar understanding its architecture
260 _bCopal Publishing Group
260 _c2015
300 _a73
999 _c6552
_d6552